000 00419nam a2200169Ia 4500
001 28234
003 IN-NITTTR
005 20251114233349.0
008 251113s9999||||xx |||||||||||||| ||eng||
040 _beng
040 _cIN-NITTTR
041 _aeng
082 _a305.26 G181V
100 _aGarg, Krishan Kumar
245 0 _aVridhavastha mein sukh-shanti se kaise jeeyein /
_cGarg, Krishan Kumar
942 _2ddc
_cBK
999 _c30862
_d30862